01168nam a2200265 a 450000100100000000500170001000800410002702000150006802000210008302000200010404000250012408200130014924501270016226000270028930000360031649000250035250400540037770000350043171000600046683000320052695201110055895201080066995201080077799900170088500004196720201002035846.0090819s1987 sp ac 000 0 spa d a8400066073 a8400069528 (v.2) a840007131x(v.3) aDO-SdBNPbspacBNPHU axxxbxxx00aQuímica teórica :bestructura interacciones y reactividad / coordinadorSerafín Fraga /ccoordinador Serafín Fraga. aMadrid :bCSIC,c1987. a345 p. :bil., retrs. ;c25 cm.1 aNuevas tendenciasv4 aIncluye bibliografía al final de los capítulo1 aFraga, Serafínecoor.9688922 aConsejo Superior de Investigaciones Científicas94786 0aNuevas tendenciasn4968893 001050718MOaGRbGRcCTd2013-10-25iLF1l0oxxx xxxp41967-10r2020-06-25w2020-06-25y1ZNo se presta 001050718MOaGRbGRcCTd2013-10-25iLF1l0ov. 2p41967-20r2020-06-25w2020-06-25y1ZNo se presta 001050718MOaGRbGRcCTd2013-10-25iLF1l0ov. 3p41967-30r2020-06-25w2020-06-25y1ZNo se presta c41456d41456